LEADER 01235nam0-2200409---450 001 990005658420203316 005 20190403124954.0 035 $a000565842 035 $aUSA01000565842 035 $a(ALEPH)000565842USA01 035 $a000565842 100 $a20041123d1988----|||y0itaa50------ba 101 $ager 102 $ade 105 $a0 00||| 200 1 $a<> Prozess der theoretischen Neugierde$fHans Blumenberg 205 $aErweiterte und uberarbeitete Neuausgabe$b[4. Aufl.] 210 $aFrankfurt am Main$cSuhrkamp$d[1988] 215 $a309 p.$d18 cm 225 2 $aSuhrkamp Taschenbuch Wissenschaft$v24 311 $aTeil. 3.$9SA0014582 410 0$12001$aSuhrkamp Taschenbuch Wissenschaft$v24 606 $aLaicismo$2F 620 $dFRANKFURT AM MAIN 676 $a121.68 700 1$aBLUMENBERG,$bHans$0127053 801 0$aIT$bSA$c20111219 912 $a990005658420203316 950 0$aDipar.to di Filosofia - Salerno$dDFAA 121.68 BLU$e3324 FIL 951 $aAA 121.68 BLU$b3324 FIL 959 $aBK 969 $aFIL 979 $c20121027$lUSA01$h1525 979 $c20121027$lUSA01$h1615 996 $aProzess der theoretischen Neugierde$91134972 997 $aUNISA NUM $aSA0012198 LEADER 01576nas 2200541- 450 001 996532570203316 005 20230307213020.0 011 $a2631-6129 035 $a(OCoLC)1138748053 035 $a(CKB)4900000000434746 035 $a(CONSER)--2020243041 035 $a(EXLCZ)994900000000434746 100 $a20200203a20199999 o-- a 101 0 $aeng 135 $aur||||||||||| 181 $ctxt$2rdacontent 182 $cc$2rdamedia 183 $acr$2rdacarrier 200 00$aJournal of breast imaging 210 1$a[Cary, NC] :$cOxford University Press,$d[2019]- 215 $a1 online resource 311 $a2631-6110 517 1 $aJBI 531 10$aJ Breast Imaging 606 $aBreast$xRadiography$vPeriodicals 606 $aBreast$xCancer$vPeriodicals 606 $aBreast Diseases$xdiagnostic imaging 606 $aEarly Detection of Cancer 606 $aMammographie$vPériodiques 606 $aSein$xCancer$vPériodiques 606 $aBreast$2fast$3(OCoLC)fst00838255 608 $aPeriodical 608 $aperiodicals.$2aat 608 $aPeriodicals.$2fast 608 $aPeriodicals.$2lcgft 608 $aPériodiques.$2rvmgf 615 0$aBreast$xRadiography 615 0$aBreast$xCancer 615 12$aBreast Diseases$xdiagnostic imaging 615 22$aEarly Detection of Cancer 615 6$aMammographie 615 6$aSein$xCancer 615 7$aBreast. 712 02$aSociety of Breast Imaging, 906 $aJOURNAL 912 $a996532570203316 996 $aJournal of Breast Imaging$92922643 997 $aUNISA LEADER 03465nam 22005651 450 001 9910164050503321 005 20170310153454.0 010 $a1-4742-9801-X 010 $a1-4742-9799-4 024 7 $a10.5040/9781474297998 035 $a(CKB)3710000001055568 035 $a(MiAaPQ)EBC4812154 035 $a(OCoLC)980749863 035 $a(UtOrBLW)bpp09260596 035 $a(MiAaPQ)EBC6163620 035 $a(iGPub)BLOM0004491 035 $a(UtOrBLW)BP9781474297998BC 035 $a(EXLCZ)993710000001055568 100 $a20170328d2017 uy 0 101 0 $aeng 135 $aurcnu|||||||| 181 $2rdacontent 182 $2rdamedia 183 $2rdacarrier 200 10$aCan't we make moral judgements? /$fMary Midgley 205 $a[Bloomsbury revelations edition.]. 210 1$aLondon :$cBloomsbury Academic,$d2017. 215 $a1 online resource (185 pages) 225 1 $aBloomsbury revelations 300 $aIncludes index. 311 $a1-4742-9800-1 311 $a1-4742-9798-6 320 $aIncludes bibliographical references and index. 327 $aPreface to the Bloomsbury Revelations edition -- Introduction to the first edition -- 1 Can we base freedom on ignorance? -- 2 Starting from where we are -- 3 Why there is trouble over knowledge -- 4 Scepticisim and liberty -- 5 Why must we not interfere? -- 6 The fear of society -- 7 The public side of morality -- 8 Individuals in the modern melting-pot -- 9 Individualism, solitude and privacy -- 10 Morality and harm -- 11 Rethinking relativism -- 12 How large is a culture -- 13 Varieties of subjectivism -- 14 The problem of private validity -- 15 Social darwinist egoism -- 16 Moving forward through the modern world -- 17 Doubts, reasonable and otherwise -- 18 What about values -- 19 Back to the main question -- 20 How much have things changed -- Envoi -- Index of proper names. 330 $a"How many times do we hear the statement 'It's not for me to judge'? It conveys one of the most popular ideas of our time: that to make judgements of others is essentially wrong. In this classic text, the renowned moral philosopher Mary Midgley turns a spotlight on the ever popular stance in society that we should not make moral judgements on others. Guiding the reader through the diverse approaches to this complex subject, she interrogates our strong beliefs about such things as the value of freedom that underlie our scepticism about making moral judgements. She shows how the question of whether or not we can make these judgements must inevitably affect our attitudes not only to the law and its institutions but also to events that occur in our daily lives, and suggests that mistrust of moral judgements may be making life even harder for us than it would be otherwise. The texts and philosophers discussed range from Nietzsche and Sartre to P.D. James and the Bhagavad Gita. The Bloomsbury Revelations edition includes a new preface from the author."--Bloomsbury Publishing. 410 0$aBloomsbury revelations. 606 $aJudgment (Ethics) 606 $aMoral conditions 606 $2Ethics & moral philosophy 615 0$aJudgment (Ethics) 615 0$aMoral conditions. 676 $a170 676 $a302.13 700 $aMidgley$b Mary$f1919-$0554950 801 0$bUtOrBLW 801 1$bUtOrBLW 906 $aBOOK 912 $a9910164050503321 996 $aCan't we make moral judgements$92747619 997 $aUNINA